Bad Trencsénteplicz - fürdő Garni szálloda : Hotel Garni

Zobrazenie: Pohľad na hotel z parku, vpravo v popredí striekajúca fontána. Na budove je nápis "Hotel G". V pozadí za budovou je zalesnený kopec

Bibliographic Details
Format: Postcard
Language:Hungarian
German
PhysicalDescription:1 pohľadnica kolorovaná 9 x 14 cm
Published: Trencsénteplicz Verlag Wertheim Zsigmond [medzi 1909 a 1911?]
Subjects:

MARC

LEADER 00000ckm a2200000 a 4500
001 vtls011778263
003 SK-MaSNL
005 20260512122951.0
007 kp ho
008 230706q1909 xo g kuhun
015 |a SNBG 
035 |a urn:nbn:sk:snk-km00eb88 
035 |a urn:nbn:sk:snk-km43fxz 
035 |a 98E89958-CDE8-4901-A90A-EC683205D8B7 
040 |a SNK  |b slo  |c SNK  |e AACR2 
041 0 |a hun  |a ger 
043 |a e-xo--- 
044 |a xo  |c SK 
072 7 |a 913  |x Regionálna geografia  |2 konspekt 
080 |a 728.5  |2 2011 
080 |a 94(084.121)  |2 2011 
080 |a 913(437.6)  |2 2011 
080 |a 725.948  |2 2011 
080 |a 711.455:615.838  |2 2011 
080 |a 640.412  |2 2011 
245 0 0 |a Bad Trencsénteplicz - fürdő  |h grafika  |b Garni szálloda : Hotel Garni 
246 3 3 |a Bad Trencsénteplicz  |b Hotel Garni 
246 3 3 |a Trencsénteplicz - fürdő  |b Garni szálloda 
260 |a Trencsénteplicz  |b Verlag Wertheim Zsigmond  |c [medzi 1909 a 1911?]  |e [Budapešť]  |f MSM 
300 |a 1 pohľadnica  |b kolorovaná  |c 9 x 14 cm 
500 |a Názvové údaje prevzaté z obrazovej časti pohľadnice 
520 8 |a Zobrazenie: Pohľad na hotel z parku, vpravo v popredí striekajúca fontána. Na budove je nápis "Hotel G". V pozadí za budovou je zalesnený kopec 
546 |a Hlavný názov je kombináciou dvoch jazykov: nemčiny a maďarčiny ; podnázov súbežne v maďarčine a nemčine 
610 2 7 |a Kúpele Trenčianske Teplice (Slovensko)  |2 SNKKA  |9 189670 
610 2 7 |a Hotel Garni (Trenčianske Teplice, Slovensko)  |2 SNKKA  |9 354289 
650 0 7 |a hotely  |2 SNKPH  |9 18422 
650 0 7 |a kúpele  |2 SNKPH  |9 1139 
650 0 7 |a fontány  |2 SNKPH  |9 3014 
651 7 |a Trenčianske Teplice (Slovensko)  |2 SNKPHgeo  |9 14503 
655 7 |a miestne pohľadnice  |2 SNKPH  |9 70510 
655 7 |a historické pohľadnice  |2 SNKPH  |9 159703 
752 |a Slovensko  |d Trenčianske Teplice 
852 |a Slovenská národná knižnica 
958 |a GBN 
958 |a GC 
958 |a ONDV 
999 |c 685142  |d 687072 
952 |a SNK  |b SNK  |y PREZ  |7 0  |p 17A1210625  |o snkSP 30967  |z Pohľadnica prešla poštou.  |0 0  |1 0  |4 0  |d 2018-09-11  |f 1  |l 0  |r 2026-02-23 20:09:47  |w 2026-02-23